[Event "16.Città di Padova Open A"]
[Site "Padova Fornace Carotta"]
[Date "2013.12.20"]
[Round "7.20"]
[White "Redo, Giorgio"]
[Black "Gallo, Enrico"]
[Result "0-1"]
[WhiteElo "2084"]
[BlackElo "2108"]
[Annotator "Gabriele Ballarin"]
[PlyCount "96"]
[EventDate "2013.12.15"]
[EventType "swiss"]
[EventRounds "9"]
[EventCountry "ITA"]

1. d4 d5 2. c4 c6 3. Nc3 Nf6 4. Nf3 e6 5. Bg5 Nbd7 6. e3 h6 7. Bh4 Be7 8. cxd5 exd5 9. Bd3 O-O 10. O-O Ne4 11. Bxe7 Qxe7 12. Qc2 Nxc3 13. Qxc3 Nf6 14. Ne5 Ng4 15. Nf3 Be6 16. b4 Rfd8 17. a4 Nf6 18. Qc5 Qe8 19. Rfc1 Nd7 20. Qd6 Nb6 21. Qg3 Qe7 22. a5 Nc4 23. Bxc4 dxc4 24. Rab1 Bf5 25. Rb2 b5 26. axb6 axb6 27. Qe5 Qd7 28. h3 b5 29. e4 Bg6 30. Re2 f6 31. Qc5 Qd6 32. e5 Qxc5 33. dxc5 fxe5 34. Rxe5 Bf7 35. Re7 Bd5 36. Ne5 Re8 37. Rxe8+ Rxe8 38. f4 Ra8 39. f5 Ra2 40. g4 Kf8 41. Re1 Rb2 42. h4 c3 43. Ra1 Ba2 44. Nd3 Rd2 45. Nf2 c2 46. Kf1 Rxf2+ 47. Kxf2 Bb1 48. Ra8+ Ke7 0-1

[Event "16.Città di Padova Open A"]
[Site "Padova Fornace Carotta"]
[Date "2013.12.20"]
[Round "7.21"]
[White "Messina, Roberta"]
[Black "Cardili, Mariano"]
[Result "1-0"]
[WhiteElo "2066"]
[BlackElo "2106"]
[Annotator "Gabriele Ballarin"]
[PlyCount "49"]
[EventDate "2013.12.15"]
[EventType "swiss"]
[EventRounds "9"]
[EventCountry "ITA"]

1. c4 c6 2. g3 d5 3. Bg2 Nf6 4. Nf3 e6 5. b3 Nbd7 6. Bb2 Be7 7. O-O O-O 8. Nc3 b6 9. d3 Bb7 10. e4 Rc8 11. Qe2 Qc7 12. cxd5 cxd5 13. Rac1 dxe4 14. Nd5 Bxd5 15. Rxc7 exf3 16. Qc2 Rxc7 17. Qxc7 fxg2 18. Rc1 Bd8 19. Qxa7 b5 20. Qa6 b4 21. Qb5 Nb6 22. Qxb4 Ba8 23. Qd6 Nbd5 24. Rc8 Be7 25. Qa6 1-0

[Event "16.Città di Padova Open A"]
[Site "Padova Fornace Carotta"]
[Date "2013.12.20"]
[Round "7.22"]
[White "Movileanu, Daniela"]
[Black "Andreoni, Giuseppe"]
[Result "1/2-1/2"]
[WhiteElo "2051"]
[BlackElo "2103"]
[Annotator "Gabriele Ballarin"]
[PlyCount "80"]
[EventDate "2013.12.15"]
[EventType "swiss"]
[EventRounds "9"]
[EventCountry "ITA"]

1. e4 c5 2. Nc3 e6 3. Nf3 a6 4. d4 cxd4 5. Nxd4 d6 6. Be3 b5 7. f3 Bb7 8. Qd2 Nd7 9. a4 b4 10. Na2 Ngf6 11. Nxb4 Nc5 12. Nd3 Ncxe4 13. fxe4 Nxe4 14. Qe2 Qa5+ 15. Bd2 Qb6 16. Nf3 Be7 17. a5 Qc7 18. Nf2 Nxf2 19. Qxf2 Qxc2 20. Bc3 Qg6 21. Be2 O-O 22. O-O Rfc8 23. Rad1 e5 24. Kh1 Rc5 25. Ne1 e4 26. Bb4 e3 27. Qxe3 Re5 28. Qf2 Bh4 29. Qxh4 Rxe2 30. Rf2 Re4 31. Qg3 Qxg3 32. hxg3 Rxb4 33. Rxd6 Be4 34. Rfd2 h6 35. Nd3 {=} Bxd3 36. R6xd3 Rb5 37. Rd8+ Rxd8 38. Rxd8+ Kh7 39. Rd7 f6 40. b4 Rxb4 {=} 1/2-1/2

[Event "16.Città di Padova Open A"]
[Site "Padova Fornace Carotta"]
[Date "2013.12.20"]
[Round "7.23"]
[White "Nepi, Ezio"]
[Black "Quaranta, Cristiano"]
[Result "0-1"]
[WhiteElo "1924"]
[BlackElo "2169"]
[Annotator "Gabriele Ballarin"]
[PlyCount "66"]
[EventDate "2013.12.15"]
[EventType "swiss"]
[EventRounds "9"]
[EventCountry "ITA"]

1. d4 Nf6 2. c4 c5 3. d5 b5 4. Qc2 bxc4 5. e4 d6 6. Bxc4 g6 7. Nf3 Bg7 8. O-O O-O 9. h3 Ba6 10. Na3 Bxc4 11. Nxc4 Na6 12. Bf4 Rb8 13. a3 Nc7 14. Na5 Qe8 15. Nc6 Rb7 16. Rad1 Nd7 17. Rfe1 Rxb2 18. Qc1 Rb6 19. e5 Nxd5 20. Nxe7+ Qxe7 21. exd6 Qd8 22. Rxd5 Re8 23. Qd1 Rxe1+ 24. Qxe1 Bf8 25. Bg5 Qb8 26. Be7 Bg7 27. Rd1 c4 28. Qe4 c3 29. Qc4 h6 30. Qc7 Qxc7 31. dxc7 Rc6 32. Bd8 c2 33. Rc1 Bb2 0-1

[Event "16.Città di Padova Open A"]
[Site "Padova Fornace Carotta"]
[Date "2013.12.20"]
[Round "7.24"]
[White "Santolini, Luigi"]
[Black "Di Lazzaro, Gabriele"]
[Result "1-0"]
[WhiteElo "2122"]
[BlackElo "1941"]
[Annotator "Gabriele Ballarin"]
[PlyCount "45"]
[EventDate "2013.12.15"]
[EventType "swiss"]
[EventRounds "9"]
[EventCountry "ITA"]

1. d4 Nf6 2. Nf3 c5 3. d5 b5 4. a4 Qa5+ 5. Bd2 b4 6. c4 Ne4 7. Qc2 Nxd2 8. Nbxd2 g6 9. e3 Bg7 10. Bd3 O-O 11. h4 Na6 12. Nb3 Qb6 13. h5 Qf6 14. O-O-O d6 15. Rh4 e5 16. dxe6 Qxe6 17. hxg6 hxg6 18. Rdh1 Bb7 19. Ng5 Qe5 20. f4 Qxe3+ 21. Kb1 Bxg2 22. Bxg6 fxg6 23. Rh8+ 1-0

[Event "16.Città di Padova Open A"]
[Site "Padova Fornace Carotta"]
[Date "2013.12.20"]
[Round "7.25"]
[White "Laurenti, Stefano"]
[Black "Raimbault, Pierre"]
[Result "1/2-1/2"]
[WhiteElo "2106"]
[BlackElo "1884"]
[Annotator "Gabriele Ballarin"]
[PlyCount "139"]
[EventDate "2013.12.15"]
[EventType "swiss"]
[EventRounds "9"]
[EventCountry "ITA"]

1. e4 c5 2. Nc3 Nc6 3. Nf3 e5 4. Bc4 Be7 5. d3 Nf6 6. Ng5 O-O 7. O-O h6 8. f4 d5 9. exd5 hxg5 10. fxg5 Bg4 11. Qe1 Nd4 12. gxf6 Bxf6 13. Ne4 Bh4 14. Qd2 b5 15. Bb3 Nxb3 16. axb3 Qxd5 17. h3 Bh5 18. g3 Be7 19. Qe1 a6 20. Be3 c4 21. bxc4 bxc4 22. Ra5 Qe6 23. Ng5 Bxg5 24. Bxg5 f6 25. Be3 cxd3 26. cxd3 Qxh3 27. Ra4 Qd7 28. Rh4 Bg6 29. d4 Rfe8 30. Qf2 Rac8 31. Rc1 Rxc1+ 32. Bxc1 Rc8 33. Be3 Rc2 34. Qf1 Qd5 35. b4 Rb2 36. dxe5 Rb1 37. Bc1 Qxe5 38. Qc4+ Bf7 39. Qc8+ Be8 40. Qc4+ Bf7 41. Qc8+ Qe8 42. Rc4 Qxc8 43. Rxc8+ Kh7 44. Rc6 Bd5 45. Rc5 Bb7 46. Rc4 g5 47. Rc7+ {=} Kg6 48. Rxb7 Rxc1+ 49. Kf2 Kf5 50. Rb6 Rb1 51. Rxa6 Rxb4 52. Kf3 Rb3+ 53. Kg2 Kg4 54. Ra4+ Kh5 55. Rc4 f5 56. Ra4 g4 57. Rc4 Rb2+ 58. Kg1 Kg5 59. Ra4 Kf6 60. Rc4 Ke5 61. Ra4 Rd2 62. Kf1 Rd4 63. Ra3 f4 64. gxf4+ Kxf4 65. Kf2 Rd2+ 66. Kf1 Rb2 67. Kg1 Kg5 68. Rc3 Kh4 69. Ra3 g3 70. Ra8 1/2-1/2

[Event "16.Città di Padova Open A"]
[Site "Padova Fornace Carotta"]
[Date "2013.12.20"]
[Round "7.26"]
[White "Battagin_214, Mosè"]
[Black "Viaggi, Stefano"]
[Result "0-1"]
[WhiteElo "1844"]
[BlackElo "2033"]
[Annotator "Gabriele Ballarin"]
[PlyCount "122"]
[EventDate "2013.12.15"]
[EventType "swiss"]
[EventRounds "9"]
[EventCountry "ITA"]

1. e4 c5 2. Nf3 e6 3. d3 Nc6 4. g3 Nge7 5. Bg2 g6 6. O-O Bg7 7. Re1 O-O 8. Nbd2 d6 9. Rb1 Nb4 10. Ra1 Bd7 11. a3 Nbc6 12. Rb1 Qc7 13. h4 b5 14. h5 b4 15. axb4 cxb4 16. Nc4 d5 17. exd5 Nxd5 18. hxg6 hxg6 19. Qe2 Rac8 20. Qe4 Nce7 21. Ng5 Nf5 22. Qg4 Nf6 23. Qe2 Nd4 24. Qd1 Nh5 25. Ne4 Bc6 26. c3 bxc3 27. bxc3 Nb5 28. Bd2 Bxe4 29. Bxe4 Nxc3 30. Bxc3 Bxc3 31. Re2 Bd4 32. Kg2 Rb8 33. Rxb8 Rxb8 34. Rc2 Qe7 35. Rc1 Qb4 36. Bf3 Nf6 37. Nd2 Qe7 38. Rc4 Rd8 39. Qc1 Kg7 40. Nb3 Bb6 41. Qc2 Nd5 42. Qe2 Qf6 43. Qd2 Ne7 44. Rf4 Qe5 45. Rh4 Nf5 46. Rh1 Rh8 47. Rxh8 Kxh8 48. Qe2 Qd6 49. Be4 Kg7 50. Nd2 Nd4 51. Qe1 Bd8 52. Qa1 Bb6 53. Nf3 e5 54. Nxd4 Bxd4 55. Qa2 Qc7 56. Qc4 Qb6 57. Qc2 a5 58. Bd5 f6 59. Bb3 Bxf2 60. Qc4 Be1 61. Qf7+ Kh6 0-1

[Event "16.Città di Padova Open A"]
[Site "Padova Fornace Carotta"]
[Date "2013.12.20"]
[Round "7.27"]
[White "Rosina, Graziano"]
[Black "Dorigo, Tommaso"]
[Result "0-1"]
[WhiteElo "1811"]
[BlackElo "1996"]
[Annotator "Gabriele Ballarin"]
[PlyCount "38"]
[EventDate "2013.12.15"]
[EventType "swiss"]
[EventRounds "9"]
[EventCountry "ITA"]

1. Nf3 d5 2. d4 Nf6 3. c4 c6 4. cxd5 cxd5 5. g3 Bf5 6. Qb3 Qc8 7. Nc3 e6 8. Bf4 Nc6 9. a3 Be7 10. Nb5 O-O 11. Nc7 g5 12. Be5 Nxe5 13. dxe5 Qxc7 14. exf6 Bxf6 15. Bg2 Qa5+ 16. Nd2 Rfc8 17. Qe3 Rc2 18. b4 Qc7 19. Rd1 Rc3 0-1

[Event "16.Città di Padova Open A"]
[Site "Padova Fornace Carotta"]
[Date "2013.12.20"]
[Round "7.28"]
[White "Bucchicchio, Giancarlo"]
[Black "Franco, Alessandro P"]
[Result "1/2-1/2"]
[WhiteElo "2061"]
[BlackElo "1912"]
[Annotator "Gabriele Ballarin"]
[PlyCount "146"]
[EventDate "2013.12.15"]
[EventType "swiss"]
[EventRounds "9"]
[EventCountry "ITA"]

1. e4 e5 2. Nf3 Nc6 3. Bb5 a6 4. Ba4 Nf6 5. d3 b5 6. Bb3 Be7 7. O-O O-O 8. c3 d5 9. exd5 Nxd5 10. h3 Na5 11. Nxe5 Nxb3 12. Nc6 Nxa1 13. Nxd8 Rxd8 14. b3 Bf6 15. Bb2 Bb7 16. Qc1 Re8 17. Bxa1 Re2 18. g3 Rae8 19. a3 Kf8 20. c4 Ne3 21. Bxf6 Nxf1 22. Bxg7+ Kxg7 23. Qg5+ Kf8 24. Qh6+ Ke7 25. Kxf1 Kd7 26. Qc1 Re1+ 27. Qxe1 Bg2+ 28. Kxg2 Rxe1 29. Nc3 bxc4 30. dxc4 Ra1 31. a4 Kc6 32. b4 Ra3 33. b5+ axb5 34. axb5+ Kc5 35. Nd5 Kxc4 36. Nxc7 Kc5 37. Ne8 Ra8 38. Nf6 Rh8 39. Kf3 Kxb5 40. Ke4 Kc6 41. Ke5 Kc7 42. Nd5+ Kc6 43. Ne7+ Kd7 44. Kf6 h5 45. Nf5 Rh7 46. Ng7 Kd6 47. Kxf7 Rh8 48. Kg6 Rf8 49. f4 h4 50. g4 Rxf4 51. Kg5 Ke5 52. Kxh4 Rf8 53. Kg5 Rg8 54. Kg6 Kf4 55. Kh7 Rb8 56. Nh5+ Kg5 57. Kg7 Rb7+ 58. Kf8 Rb3 59. Ke7 Rxh3 60. Ng7 Rh7 61. Kf7 Kh6 62. g5+ Kxg5 63. Kf8 Kg6 64. Ne6 Kf6 65. Kg8 Rh4 66. Nc5 Rg4+ 67. Kh7 Rg7+ 68. Kh6 Re7 69. Na6 Re6 70. Nc5 Rc6 71. Nd3 Rc8 72. Kh5 Kf5 73. Kh6 Rc6+ 1/2-1/2

[Event "16.Città di Padova Open A"]
[Site "Padova Fornace Carotta"]
[Date "2013.12.20"]
[Round "7.29"]
[White "Antoniacci, Riccardo"]
[Black "Giuriato, Sergio"]
[Result "1/2-1/2"]
[WhiteElo "1883"]
[BlackElo "1963"]
[Annotator "Gabriele Ballarin"]
[PlyCount "93"]
[EventDate "2013.12.15"]
[EventType "swiss"]
[EventRounds "9"]
[EventCountry "ITA"]

1. e4 Nc6 2. d4 d5 3. e5 Bf5 4. Ne2 e6 5. Ng3 Bg6 6. h4 f6 7. h5 Bf7 8. f4 fxe5 9. fxe5 Nge7 10. Bb5 a6 11. Ba4 b5 12. Bb3 Na5 13. O-O Nf5 14. Nxf5 exf5 15. e6 Bxe6 16. Qe1 Qf6 17. Qc3 Bd6 18. Nd2 Nc4 19. Nf3 O-O 20. Bg5 Qf7 21. h6 Rae8 22. Bxc4 dxc4 23. Qe1 Qh5 24. hxg7 Kxg7 25. Qh4 Qxh4 26. Nxh4 f4 27. Nf3 h6 28. Bh4 Bd5 29. c3 Re2 30. Rf2 Bxf3 31. gxf3 Rfe8 32. Kf1 R2e3 33. Kg2 Rd3 34. Rg1 Kf7 35. Kh3 Rg8 36. Rxg8 Kxg8 37. Kg4 Kf7 38. Kf5 a5 39. Bf6 b4 40. Rg2 Bf8 41. cxb4 axb4 42. Rc2 c3 43. bxc3 Rxc3 44. Rf2 c5 45. Be5 cxd4 46. Bxd4 Rc4 47. Be5 1/2-1/2

[Event "16.Città di Padova Open A"]
[Site "Padova Fornace Carotta"]
[Date "2013.12.20"]
[Round "7.30"]
[White "Favero, Graziano"]
[Black "Sherifaj, Pasho"]
[Result "1-0"]
[WhiteElo "1829"]
[BlackElo "1970"]
[Annotator "Gabriele Ballarin"]
[PlyCount "65"]
[EventDate "2013.12.15"]
[EventType "swiss"]
[EventRounds "9"]
[EventCountry "ITA"]

1. e4 d6 2. d4 Nf6 3. Nc3 g6 4. Be2 Bg7 5. h4 a6 6. Be3 Nbd7 7. Nh3 b5 8. h5 gxh5 9. Nf4 e5 10. Nxh5 Nxh5 11. Bxh5 b4 12. Nd5 Bb7 13. Qg4 Rg8 14. Bg5 Qxg5 15. Qxg5 exd4 16. Nxc7+ (16. Qe7#) 16... Kf8 17. Nxa8 Bf6 18. Qh6+ Ke7 19. Qd2 Bxa8 20. Bf3 a5 21. Rxh7 d3 22. cxd3 Nc5 23. Ke2 Rb8 24. Bh5 Ne6 25. Rxf7+ Kd8 26. Rxf6 Nd4+ 27. Kf1 Nb5 28. Rf8+ Kc7 29. Rc1+ Kb7 30. Rxb8+ Kxb8 31. Qh6 Bb7 32. Be8 Ba6 33. Bxb5 1-0

[Event "16.Città di Padova Open A"]
[Site "Padova Fornace Carotta"]
[Date "2013.12.21"]
[Round "8.13"]
[White "Rossi, Carlo"]
[Black "Parrella, Alfredo"]
[Result "1-0"]
[WhiteElo "2285"]
[BlackElo "2103"]
[Annotator "Gabriele Ballarin"]
[PlyCount "53"]
[EventDate "2013.12.15"]
[EventType "swiss"]
[EventRounds "9"]
[EventCountry "ITA"]

1. c4 c6 2. Qa4 e5 3. Nc3 Nf6 4. Nf3 d6 5. d4 exd4 6. Nxd4 Be7 7. Bg5 Nbd7 8. Qc2 Nc5 9. Bh4 Bg4 10. f3 Bh5 11. e4 Bg6 12. Bf2 d5 13. cxd5 cxd5 14. Bb5+ Ncd7 15. Nf5 Bxf5 16. exf5 O-O 17. O-O Bc5 18. Rad1 Bxf2+ 19. Qxf2 Nb6 20. Rd4 Qd6 21. Rfd1 Qe5 22. g4 a6 23. Bd3 g5 24. f4 gxf4 25. Re1 Qc7 26. Qh4 Ne4 27. f6 1-0

[Event "16.Città di Padova Open A"]
[Site "Padova Fornace Carotta"]
[Date "2013.12.21"]
[Round "8.14"]
[White "Stella, Andrea"]
[Black "Messina, Roberta"]
[Result "1-0"]
[WhiteElo "2454"]
[BlackElo "2066"]
[Annotator "Gabriele Ballarin"]
[PlyCount "47"]
[EventDate "2013.12.15"]
[EventType "swiss"]
[EventRounds "9"]
[EventCountry "ITA"]

1. e4 d6 2. d4 Nf6 3. Nc3 Nbd7 4. f4 e5 5. Nf3 Qe7 6. fxe5 dxe5 7. Nb5 Nb6 8. dxe5 Nxe4 9. Bd3 Nc5 10. O-O Nxd3 11. Qxd3 Be6 12. Bg5 Qc5+ 13. Nfd4 Bc4 14. Qf5 Be6 15. Qf2 Nd5 16. c4 Nf6 17. exf6 Qxg5 18. fxg7 Qxg7 19. Nxc7+ Kd7 20. Ndxe6 fxe6 21. Nxa8 Bd6 22. c5 Be5 23. Rad1+ Ke7 24. Qh4+ 1-0

[Event "16.Città di Padova Open A"]
[Site "Padova Fornace Carotta"]
[Date "2013.12.21"]
[Round "8.15"]
[White "Valsecchi, Alessio"]
[Black "Fregonese, Giulio"]
[Result "1-0"]
[WhiteElo "2428"]
[BlackElo "2200"]
[Annotator "Gabriele Ballarin"]
[PlyCount "63"]
[EventDate "2013.12.15"]
[EventType "swiss"]
[EventRounds "9"]
[EventCountry "ITA"]

1. e4 e5 2. Nf3 Nc6 3. Bc4 Bc5 4. c3 Nf6 5. d3 d6 6. h3 a6 7. Bb3 Ba7 8. Nbd2 Be6 9. Nf1 Bxb3 10. Qxb3 Qc8 11. Ng3 O-O 12. O-O Rb8 13. Qc2 Qe6 14. Be3 Rfe8 15. Ng5 Qd7 16. Bxa7 Nxa7 17. f4 Nc6 18. fxe5 Rxe5 19. Nf3 Ree8 20. d4 Ne7 21. e5 Nfd5 22. Ng5 Ng6 23. Rxf7 Qd8 24. Qf5 Ne3 25. Rxg7+ Kxg7 26. Qf7+ Kh6 27. Qxh7+ Kxg5 28. Qh5+ Kf4 29. Rf1+ Nxf1 30. Qf5+ Ke3 31. Nxf1+ Ke2 32. Qc2+ 1-0

[Event "16.Città di Padova Open A"]
[Site "Padova Fornace Carotta"]
[Date "2013.12.21"]
[Round "8.16"]
[White "Xia, Jie"]
[Black "Mrdja, Milan"]
[Result "0-1"]
[WhiteElo "2280"]
[BlackElo "2379"]
[Annotator "Gabriele Ballarin"]
[PlyCount "44"]
[EventDate "2013.12.15"]
[EventType "swiss"]
[EventRounds "9"]
[EventCountry "ITA"]

1. d4 d6 2. e4 Nf6 3. Nc3 Nbd7 4. Nf3 e5 5. g4 g6 6. h3 Bg7 7. Bg2 O-O 8. O-O c6 9. Be3 Re8 10. Re1 Qc7 11. a4 b6 12. b4 a6 13. dxe5 dxe5 14. Nd2 Bf8 15. Qb1 Rb8 16. Qb2 Bb7 17. b5 cxb5 18. axb5 a5 19. Na4 Rbc8 20. c3 Nc5 21. Bxc5 Bxc5 22. Rad1 Red8 {Nur} 0-1

[Event "16.Città di Padova Open A"]
[Site "Padova Fornace Carotta"]
[Date "2013.12.21"]
[Round "8.17"]
[White "Brunello, Marina"]
[Black "Bove, Alessandro"]
[Result "0-1"]
[WhiteElo "2259"]
[BlackElo "2371"]
[Annotator "Gabriele Ballarin"]
[PlyCount "72"]
[EventDate "2013.12.15"]
[EventType "swiss"]
[EventRounds "9"]
[EventCountry "ITA"]

1. e4 c5 2. Nf3 d6 3. d4 cxd4 4. Nxd4 Nf6 5. Nc3 Nc6 6. Be2 g6 7. Be3 Bg7 8. O-O O-O 9. Nb3 Be6 10. f4 Rc8 11. Bf3 Bc4 12. Rf2 e5 13. Rd2 Qe7 14. Rxd6 exf4 15. Bxf4 Ne5 16. Rd2 Rfe8 17. Be3 b6 18. Nd4 h5 19. Qe1 Ba6 20. Rdd1 Nc4 21. Bc1 Rcd8 22. Nb3 Rxd1 23. Qxd1 Qe5 24. Rb1 g5 25. Bxh5 Nxe4 26. Nxe4 Qxe4 27. Bxg5 Ne5 28. Qd2 Qh7 29. Be2 Bb7 30. Bf1 Qg6 31. Kh1 Rc8 32. Nd4 Nc4 33. Bxc4 Rxc4 34. Be3 Bxd4 35. Bxd4 Rxc2 36. Re1 Bxg2+ 0-1

[Event "16.Città di Padova Open A"]
[Site "Padova Fornace Carotta"]
[Date "2013.12.21"]
[Round "8.18"]
[White "Massironi, Marco"]
[Black "Fierro Baquero, Martha Lorena"]
[Result "1/2-1/2"]
[WhiteElo "2221"]
[BlackElo "2362"]
[Annotator "Gabriele Ballarin"]
[PlyCount "59"]
[EventDate "2013.12.15"]
[EventType "swiss"]
[EventRounds "9"]
[EventCountry "ITA"]

1. e4 d5 2. exd5 Qxd5 3. Nc3 Qa5 4. Nf3 Nf6 5. d4 c6 6. Bc4 Bf5 7. Bd2 e6 8. Nd5 Qd8 9. Nxf6+ gxf6 10. c3 Nd7 11. Qe2 Qe7 12. Nh4 Bg6 13. Bb3 Bg7 14. O-O O-O 15. Rfe1 Rfe8 16. Rad1 Rad8 17. Bc1 f5 18. g3 c5 19. d5 e5 20. Nxg6 hxg6 21. d6 Qf8 22. Qb5 e4 23. Bg5 Bf6 24. Bxf6 Nxf6 25. Qxb7 Rd7 26. Qa6 Rb8 27. Qc4 Rc8 28. Qa6 Rb8 29. Qc4 Rc8 30. Qa6 1/2-1/2

[Event "16.Città di Padova Open A"]
[Site "Padova Fornace Carotta"]
[Date "2013.12.21"]
[Round "8.19"]
[White "Gallo, Enrico"]
[Black "Sibilio, Mario"]
[Result "0-1"]
[WhiteElo "2108"]
[BlackElo "2314"]
[Annotator "Gabriele Ballarin"]
[PlyCount "70"]
[EventDate "2013.12.15"]
[EventType "swiss"]
[EventRounds "9"]
[EventCountry "ITA"]

1. e4 c5 2. Nf3 b6 3. d4 cxd4 4. Nxd4 Bb7 5. Nc3 a6 6. g3 e6 7. Bg2 h5 8. h4 Nf6 9. Bg5 Qc7 10. Qe2 Ba3 11. Nd1 Bc5 12. c3 Nc6 13. Nb3 a5 14. Nxc5 bxc5 15. Ne3 Ba6 16. Qc2 Ne5 17. Rd1 Nfg4 18. Nxg4 hxg4 19. Bf4 d6 20. Bxe5 dxe5 21. Bf1 Bxf1 22. Kxf1 Qc6 23. Ke2 Rb8 24. Rd2 f5 25. Rhd1 O-O 26. c4 f4 27. Ke1 fxg3 28. fxg3 Rf3 29. Rd6 Qe8 30. Qd2 Qg6 31. Qe2 Rxg3 32. Kf2 Rf3+ 33. Kg2 Qf6 34. Rh1 Qf4 35. Rh2 Rxb2 0-1

[Event "16.Città di Padova Open A"]
[Site "Padova Fornace Carotta"]
[Date "2013.12.21"]
[Round "8.20"]
[White "Viaggi, Stefano"]
[Black "Dappiano, Andrea"]
[Result "1-0"]
[WhiteElo "2033"]
[BlackElo "2182"]
[Annotator "Gabriele Ballarin"]
[PlyCount "67"]
[EventDate "2013.12.15"]
[EventType "swiss"]
[EventRounds "9"]
[EventCountry "ITA"]

1. d4 e6 2. Nf3 f5 3. Bf4 Nf6 4. e3 Be7 5. h3 b6 6. Nbd2 Bb7 7. c3 O-O 8. Bd3 Kh8 9. Qe2 d6 10. O-O-O Ne4 11. g4 Nd7 12. Rhg1 a5 13. gxf5 exf5 14. Bxe4 fxe4 15. Ng5 Bxg5 16. Rxg5 Nf6 17. Rdg1 Ba6 18. Qd1 Rf7 19. c4 Qd7 20. h4 b5 21. Qc2 bxc4 22. Nxe4 Nxe4 23. Qxe4 Re8 24. Qc2 a4 25. Rh5 h6 26. Bxh6 gxh6 27. Rxh6+ Rh7 28. Qg6 Rf8 29. Rg5 c3 30. Rxh7+ Qxh7 31. Rh5 cxb2+ 32. Kxb2 Rxf2+ 33. Ka3 Qxh5 34. Qxh5+ 1-0

[Event "16.Città di Padova Open A"]
[Site "Padova Fornace Carotta"]
[Date "2013.12.21"]
[Round "8.21"]
[White "Quaranta, Cristiano"]
[Black "Movileanu, Daniela"]
[Result "1/2-1/2"]
[WhiteElo "2169"]
[BlackElo "2051"]
[Annotator "Gabriele Ballarin"]
[PlyCount "88"]
[EventDate "2013.12.15"]
[EventType "swiss"]
[EventRounds "9"]
[EventCountry "ITA"]

1. d4 Nf6 2. Bg5 Ne4 3. Bf4 d5 4. e3 c5 5. Bd3 Nc6 6. Bxe4 dxe4 7. c3 e5 8. dxe5 Qxd1+ 9. Kxd1 Bg4+ 10. Kc2 O-O-O 11. Nd2 h6 12. h3 Be6 13. Bh2 Bd5 14. Ne2 g5 15. Ng3 Nxe5 16. Ngxe4 Nc4 17. Nf6 Be6 18. Nxc4 Bxc4 19. Rad1 Be7 20. Ng4 h5 21. Ne5 Be6 22. e4 Rxd1 23. Rxd1 Rd8 24. Rxd8+ Bxd8 25. Nd3 b6 26. b3 c4 27. Nb4 Kb7 28. Nd5 cxb3+ 29. axb3 Kc6 30. c4 b5 31. f3 bxc4 32. bxc4 a5 33. Kb3 f5 34. Be5 fxe4 35. fxe4 g4 36. hxg4 Bxg4 37. Bf6 Bd1+ 38. Kc3 Bxf6+ 39. Nxf6 Be2 40. e5 h4 41. Nd5 Bf1 42. Ne7+ Kc5 43. Nf5 Bxg2 44. Nxh4 Bf1 1/2-1/2

[Event "16.Città di Padova Open A"]
[Site "Padova Fornace Carotta"]
[Date "2013.12.21"]
[Round "8.23"]
[White "Andreoni, Giuseppe"]
[Black "Lantini, Marco"]
[Result "1/2-1/2"]
[WhiteElo "2103"]
[BlackElo "2089"]
[Annotator "Gabriele Ballarin"]
[PlyCount "35"]
[EventDate "2013.12.15"]
[EventType "swiss"]
[EventRounds "9"]
[EventCountry "ITA"]

1. e4 e5 2. Nf3 Nc6 3. Bb5 a6 4. Ba4 Nf6 5. O-O Be7 6. Re1 b5 7. Bb3 d6 8. c3 O-O 9. h3 Na5 10. Bc2 c5 11. d4 Nd7 12. dxc5 dxc5 13. Nbd2 Qc7 14. b3 Rd8 15. Qe2 Nb6 16. Nf1 Nc6 17. Ne3 Be6 18. c4 {=} 1/2-1/2

[Event "16.Città di Padova Open A"]
[Site "Padova Fornace Carotta"]
[Date "2013.12.21"]
[Round "8.24"]
[White "Nepi, Ezio"]
[Black "Laurenti, Stefano"]
[Result "0-1"]
[WhiteElo "1924"]
[BlackElo "2106"]
[Annotator "Gabriele Ballarin"]
[PlyCount "80"]
[EventDate "2013.12.15"]
[EventType "swiss"]
[EventRounds "9"]
[EventCountry "ITA"]

1. d4 d6 2. Nf3 Nd7 3. c4 e5 4. Nc3 c6 5. d5 f5 6. e4 f4 7. Be2 Be7 8. O-O Ngf6 9. dxc6 bxc6 10. b4 O-O 11. b5 c5 12. Qc2 Ne8 13. Rd1 g5 14. Ne1 Nef6 15. Bb2 Qe8 16. Nd5 Nxd5 17. Rxd5 Nf6 18. Rd2 g4 19. f3 Qh5 20. Qd1 Kh8 21. fxg4 Bxg4 22. Bxg4 Qxg4 23. Qf3 Qg6 24. Re2 Ng4 25. Nd3 Kg8 26. Nf2 Ne3 27. Rc1 h5 28. Nd1 Bg5 29. Rd2 Rf6 30. Kh1 Qf7 31. Nf2 Nxc4 32. Rxc4 Qxc4 33. Nh3 Bh6 34. Qxh5 Qxe4 35. Rd1 Rg6 36. Rg1 Kh7 37. Nf2 Qc2 38. Ng4 Rag8 39. Nxh6 Rxh6 40. Qf7+ Rg7 0-1

[Event "16.Città di Padova Open A"]
[Site "Padova Fornace Carotta"]
[Date "2013.12.21"]
[Round "8.25"]
[White "Cardili, Mariano"]
[Black "Favero, Graziano"]
[Result "1-0"]
[WhiteElo "2106"]
[BlackElo "1829"]
[Annotator "Gabriele Ballarin"]
[PlyCount "75"]
[EventDate "2013.12.15"]
[EventType "swiss"]
[EventRounds "9"]
[EventCountry "ITA"]

1. d4 Nf6 2. c4 g6 3. Nc3 Bg7 4. e4 d6 5. Nf3 O-O 6. Be2 e5 7. O-O Nc6 8. d5 Ne7 9. Ne1 Nd7 10. Be3 f5 11. f3 f4 12. Bf2 Nf6 13. Nd3 g5 14. c5 h5 15. cxd6 cxd6 16. Rc1 Ng6 17. Nb5 Rf7 18. a4 g4 19. Qc2 Ne8 {=} 20. Kh1 Qg5 21. Nxa7 Bd7 22. Nb5 g3 23. Bg1 Nh4 24. Ne1 Rc8 25. Nc3 Bh3 26. Bb5 Bd7 27. Bxd7 Rxd7 28. Qe2 Bf8 29. h3 Nf6 30. Nd3 Rg7 31. Nb5 Rxc1 32. Rxc1 Ne8 33. a5 Be7 34. Rc8 Qg6 35. Nc7 Kh7 36. Rxe8 Bf6 37. Rc8 Qg5 38. Ne6 1-0

[Event "16.Città di Padova Open A"]
[Site "Padova Fornace Carotta"]
[Date "2013.12.21"]
[Round "8.26"]
[White "Raimbault, Pierre"]
[Black "Redo, Giorgio"]
[Result "0-1"]
[WhiteElo "1884"]
[BlackElo "2084"]
[Annotator "Gabriele Ballarin"]
[PlyCount "86"]
[EventDate "2013.12.15"]
[EventType "swiss"]
[EventRounds "9"]
[EventCountry "ITA"]

1. d4 c5 2. d5 e5 3. c4 d6 4. e4 Nf6 5. Nc3 Be7 6. Bd3 Nbd7 7. Nge2 O-O 8. O-O h6 9. Ng3 Re8 10. Nf5 Bf8 11. Ne2 Kh7 12. f3 g6 13. Nfg3 Bg7 14. Be3 Qe7 15. Qd2 Ng8 16. Nc3 h5 17. Nb5 Nb8 18. f4 a6 19. Nc3 exf4 20. Bxf4 Nd7 21. Bg5 f6 22. Bf4 Ne5 23. Bxe5 Qxe5 24. Rae1 Bd7 25. Qd1 Nh6 26. Kh1 Ng4 27. Qf3 h4 28. h3 hxg3 29. hxg4 Rh8 30. Qf4 Bxg4 31. Qxe5 fxe5 32. Ne2 Bxe2 33. Bxe2 Kg8+ 34. Kg1 Bh6 35. Bg4 Bf4 36. Rf3 Rh4 37. Be6+ Kg7 38. Rb3 b5 39. cxb5 axb5 40. Rxb5 Rxa2 41. Rb7+ Kh6 42. Bh3 Be3+ 43. Kf1 Rxe4 0-1